| 000 | 00742nam a22002057a 4500 | ||
|---|---|---|---|
| 005 | 20251108165445.0 | ||
| 008 | 250721s9999 xx 000 0 ara d | ||
| 082 | 1 | 4 | _aم/216.1/غزا |
| 100 | 1 | _aالغزالي، أبو حامد | |
| 245 | 1 | 0 | _aالمستصفى من علم الأصول / |
| 246 | 1 | 3 | _aومعه كتاب فواتح الرحموت لعبد الشكور الأنصاري بشرح مسلم الثبوت في أصول الفقه |
| 264 | 1 |
_aبيروت : _bدار الفكر، _c[19-]. |
|
| 300 | _a2ج. | ||
| 650 | 1 | 7 | _aالإسلام |
| 650 | 1 | 7 | _aالفقه الإسلامي |
| 650 | 1 | 7 | _aأصول الدين الإسلامي |
| 700 | 1 | _aعبد الشكور، محب الله | |
| 942 |
_2ddc _cREF |
||
| 999 |
_c28404 _d28404 |
||